书目信息 |
| 题名: |
UML基础与应用
|
|
| 作者: | 王养廷 , 李磊 , 宋汉珍 编著 | |
| 分册: | ||
| 出版信息: | 北京 清华大学出版社 2006.06 |
|
| 页数: | 228页 | |
| 开本: | 23cm | |
| 丛书名: | ||
| 单 册: | ||
| 中图分类: | TP312UM | |
| 科图分类: | ||
| 主题词: | UML语言--UML yu yan--程序设计--高等学校--教材 | |
| 电子资源: | ||
| ISBN: | 7-302-12795-6 | |
| 000 | 01063nam0 2200277 450 | |
| 001 | 012006703969 | |
| 005 | 20061219153834.98 | |
| 010 | @a7-302-12795-6@dCNY22.00 | |
| 100 | @a20061123d2006 km y0chiy0120 ea | |
| 101 | 0 | @achi |
| 102 | @aCN@b110000 | |
| 105 | @aa a 000yy | |
| 200 | 1 | @aUML基础与应用@AUML ji chu yu ying yong@f王养廷, 李磊, 宋汉珍编著@Fwang yang ting,li lei,song han zhen bian zhu |
| 210 | @a北京@c清华大学出版社@d2006.06 | |
| 215 | @a228页@c图@d23cm | |
| 320 | @a有书目 | |
| 330 | @a本书内容包括UML概述,用例图,类图、对象图和包图,行为图,交互图,实现图,UML在需求分析阶段的应用,UML在设计阶段的应用,UML在实现阶段的应用,UML在集成和交付阶段的应用,UML在测试中的应用,Auto Weight 系统Rose描述。 | |
| 333 | @a高等学校规划教材。 | |
| 532 | 1 | @aUnified Modeling Language基础与应用 |
| 606 | 0 | @aUML语言@AUML yu yan@x程序设计@x高等学校@j教材 |
| 690 | @aTP312UM@v4 | |
| 701 | 0 | @a王养廷@Awang yang ting@4编著 |
| 701 | 0 | @a李磊@Ali lei@4编著 |
| 701 | 0 | @a宋汉珍@Asong han zhen@4编著 |
| 801 | 0 | @aCN@c20061219 |
| 905 | @a10447@dTP312UM@eW416 | |
| UML基础与应用/王养廷, 李磊, 宋汉珍编著.-北京:清华大学出版社,2006.06 |
| 228页:图;23cm |
| 使用对象:高等学校规划教材。 |
| ISBN 7-302-12795-6:CNY22.00 |
| 本书内容包括UML概述,用例图,类图、对象图和包图,行为图,交互图,实现图,UML在需求分析阶段的应用,UML在设计阶段的应用,UML在实现阶段的应用,UML在集成和交付阶段的应用,UML在测试中的应用,Auto Weight 系统Rose描述。 |
| ● |
| 相关链接 |
|
|
|
正题名:UML基础与应用
索取号:TP312UM/W416
 
预约/预借
| 序号 | 登录号 | 条形码 | 馆藏地/架位号 | 状态 | 备注 |
| 1 | 228301 | 202283019 | 期刊室512/301自科库 86排2列5层/ [索取号:TP312UM/W416] | 在馆 | |
| 2 | 228302 | 202283028 | 期刊室512/301自科库 86排2列5层/ [索取号:TP312UM/W416] | 在馆 |